000 00358nam a2200133Ia 4500
005 20260328101511.0
008 260328s9999||||xx |||||||||||||| ||und||
100 _aMorse, Richard M.
245 0 _aLas Ciudades Latinoamericanas :
_b Vol. 1 - Antecedentes /
_cRichard M. Morse
260 _bSepSetentas
300 _a215 p.
650 _aURBANISMO
942 _cBK
999 _c9207
_d9207